Islamic society and the West, Volume-1, Part-2: (Record no. 20194)
[ view plain ]
| 000 -LEADER | |
|---|---|
| fixed length control field | 00889cam a2200241u 4500 |
| 001 - CONTROL NUMBER | |
| control field | 10236362 |
| 003 - CONTROL NUMBER IDENTIFIER | |
| control field | BDDh-ASL |
| 005 - DATE AND TIME OF LATEST TRANSACTION | |
| control field | 20231015025845.0 |
| 008 - FIXED-LENGTH DATA ELEMENTS--GENERAL INFORMATION | |
| fixed length control field | 821029m19621957enk 000 0 eng |
| 010 ## - LIBRARY OF CONGRESS CONTROL NUMBER | |
| LC control number | 50009162 |
| 040 ## - CATALOGING SOURCE | |
| Original cataloging agency | DLC |
| Transcribing agency | CarP |
| Modifying agency | DLC |
| -- | BDDh-ASL |
| 050 00 - LIBRARY OF CONGRESS CALL NUMBER | |
| Classification number | DS38 |
| Item number | .G485 |
| 082 ## - DEWEY DECIMAL CLASSIFICATION NUMBER | |
| Classification number | 297 |
| Item number | GII |
| 100 1# - MAIN ENTRY--PERSONAL NAME | |
| Personal name | Gibb, H. A. R. |
| Fuller form of name | (Hamilton Alexander Rosskeen), |
| Dates associated with a name | 1895-1971. |
| 245 00 - TITLE STATEMENT | |
| Title | Islamic society and the West, Volume-1, Part-2: |
| Remainder of title | a study of the impact of western civilization on Moslem culture in the Near East/ |
| 260 ## - PUBLICATION, DISTRIBUTION, ETC. | |
| Place of publication, distribution, etc. | London: |
| -- | New York, |
| Name of publisher, distributor, etc. | Oxford University Press, |
| Date of publication, distribution, etc. | 1962. |
| 300 ## - PHYSICAL DESCRIPTION | |
| Extent | 285 p.: |
| Dimensions | 23 cm. |
| 504 ## - BIBLIOGRAPHY, ETC. NOTE | |
| Bibliography, etc. note | Include Bibliographical References and Index |
| 650 #0 - SUBJECT ADDED ENTRY--TOPICAL TERM | |
| Topical term or geographic name entry element | Islamic civilization |
| General subdivision | Western influences. |
| 700 1# - ADDED ENTRY--PERSONAL NAME | |
| Personal name | Bowen, Harold, [from old catalog] |
| Relator term | joint author. |
| 906 ## - LOCAL DATA ELEMENT F, LDF (RLIN) | |
| a | 0 |
| b | cbc |
| c | premunv |
| d | u |
| e | ncip |
| f | 19 |
| g | y-gencatlg |
| 942 ## - ADDED ENTRY ELEMENTS (KOHA) | |
| Source of classification or shelving scheme | Dewey Decimal Classification |
| Koha item type | Books |
| Withdrawn status | Lost status | Source of classification or shelving scheme | Damaged status | Not for loan | Collection code | Home library | Current library | Shelving location | Date acquired | Source of acquisition | Serial Enumeration / chronology | Total Checkouts | Full call number | Barcode | Date last seen | Copy number | Price effective from | Koha item type | Public note |
|---|---|---|---|---|---|---|---|---|---|---|---|---|---|---|---|---|---|---|---|
| Dewey Decimal Classification | Non-fiction | Asiatic Society Library | Asiatic Society Library | General Stacks | 12/27/2020 | ASB Collection | V-1, P-2 | 297 GII | 103603 | 12/27/2020 | C-1 | 12/27/2020 | Books | RARE |